World Health Statistics Annual 1990

Guardado en:
Detalles Bibliográficos
Formato: Libro
Lenguaje:inglés
Publicado: Genéve World Health Organization 1991
Edición:1. ed.
Etiquetas: Agregar Etiqueta
Sin Etiquetas, Sea el primero en etiquetar este registro!

MARC

LEADER 00000nam a2200000 4500
001 c024333
005 20221214095321.1
041 0 |a eng 
044 |a CH 
245 1 0 |a World Health Statistics Annual 1990 
250 |a 1. ed. 
264 1 |a Genéve  |b World Health Organization  |c 1991 
300 |a 423 s.